JO (QS) survey of contracts in use in 1987 (Record no. 92483)

MARC details
000 -LEADER
fixed length control field 00774cam a2200241 4500
001 - CONTROL NUMBER
control field B2281
008 - FIXED-LENGTH DATA ELEMENTS--GENERAL INFORMATION
fixed length control field 090401t1988 xxu||||| |||| 00| 0 eng d
022 ## - INTERNATIONAL STANDARD SERIAL NUMBER
International Standard Serial Number 1369-5630
035 ## - SYSTEM CONTROL NUMBER
System control number (Sirsi) u49080
041 ## - LANGUAGE CODE
Language code of text/sound track or separate title eng
050 ## - LIBRARY OF CONGRESS CALL NUMBER
Classification number 692.8
-- 18
090 ## - LOCALLY ASSIGNED LC-TYPE CALL NUMBER (OCLC); LOCAL CALL NUMBER (RLIN)
Classification number (OCLC) (R) ; Classification number, CALL (RLIN) (NR) RICS 1988/57 ABCD
110 ## - MAIN ENTRY--CORPORATE NAME
Corporate name or jurisdiction name as entry element Royal Institution of Chartered Surveyors
Subordinate unit Junior Organisation Quantity Surveyors Divisional Committee
9 (RLIN) 4445
245 ## - TITLE STATEMENT
Title JO (QS) survey of contracts in use in 1987
250 ## - EDITION STATEMENT
Edition statement 3rd ed.
260 ## - PUBLICATION, DISTRIBUTION, ETC.
Place of publication, distribution, etc. London
Name of publisher, distributor, etc. Royal Institution of Chartered Surveyors
Date of publication, distribution, etc. 1988
300 ## - PHYSICAL DESCRIPTION
Extent 11p.
Dimensions 30cm.
490 ## - SERIES STATEMENT
Series statement Contracts in Use
Volume/sequential designation 1987
690 ## - LOCAL SUBJECT ADDED ENTRY--TOPICAL TERM (OCLC, RLIN)
Topical term or geographic name as entry element BUILT ENVIRONMENT-BUILDING CONTRACT FORMS
710 ## - ADDED ENTRY--CORPORATE NAME
Corporate name or jurisdiction name as entry element Royal Institution of Chartered Surveyors
9 (RLIN) 4900
942 ## - ADDED ENTRY ELEMENTS (KOHA)
Suppress in OPAC 0
948 ## - LOCAL PROCESSING INFORMATION (OCLC); SERIES PART DESIGNATOR (RLIN)
c (OCLC) 04/03/1997
Holdings
Withdrawn status Lost status Source of classification or shelving scheme Damaged status Not for loan Home library Current library Shelving location Date acquired Total Checkouts Full call number Barcode Date last seen Copy number Price effective from Koha item type Date last checked out
    Dewey Decimal Classification     London London RICS Boxes 19/08/1991   RICS 1988/57 30031450 06/08/2019 1 06/08/2019 Reference material  
    Dewey Decimal Classification     London London RICS Boxes 19/08/1991 1 RICS 1988/57 30031454 06/08/2019 2 06/08/2019 Book 04/10/2006
    Dewey Decimal Classification     London London RICS Boxes 19/08/1991 1 RICS 1988/57 30031455 06/08/2019 3 06/08/2019 Book 30/09/1999
    Dewey Decimal Classification     London London RICS Boxes 14/09/1999   RICS 1988/57 30032027 06/08/2019 4 06/08/2019 Archive